Southville International School and Colleges
Your cart is empty.
  • Cart
  • Lists
    Public lists Eva Luna New books Lux_list list_1
    Your lists Log in to create your own lists
  • Log in to your account
  • Your cookies
  • Search history
Southville International School and Colleges
  • Advanced search
  • Recent comments
  • Most popular
  • Libraries

Log in to your account

Log in with GOOGLE


If you do not have an external account, but do have a local account, you can still log in:

  1. Home
  2. MARC view: Hindu Tales from the Sanskrit
Normal view MARC view ISBD view

Hindu Tales from the Sanskrit (Record no. 240565)

[ view plain ]
MARC details
000 -LEADER
fixed length control field 00994cam a22002653a 4500
001 - CONTROL NUMBER
control field 11310
003 - CONTROL NUMBER IDENTIFIER
control field PGUSA
005 - DATE AND TIME OF LATEST TRANSACTION
control field 20140828083235.0
008 - FIXED-LENGTH DATA ELEMENTS--GENERAL INFORMATION
fixed length control field 040201s2004||||xxu|||||s|||||000 | eng d
040 ## - CATALOGING SOURCE
Original cataloging agency PGUSA
Language of cataloging eng
042 ## - AUTHENTICATION CODE
Authentication code dc
050 #4 - LIBRARY OF CONGRESS CALL NUMBER
Classification number PK
245 10 - TITLE STATEMENT
Title Hindu Tales from the Sanskrit
Medium [electronic resource]
260 ## - PUBLICATION, DISTRIBUTION, ETC. (IMPRINT)
Name of publisher, distributor, etc Project Gutenberg,
Date of publication, distribution, etc 2004
505 0# - FORMATTED CONTENTS NOTE
Formatted contents note The magic pitcher -- The story of a cat, a mouse, a lizard and an owl -- A royal thief-catcher -- The magic shoes and staff -- The jewelled arrow -- The beetle and the silken thread -- A crow and his three friends -- A clever thief -- The hermit's daughter.
506 ## - RESTRICTIONS ON ACCESS NOTE
Terms governing access Public domain in the USA.
516 ## - TYPE OF COMPUTER FILE OR DATA NOTE
Type of computer file or data note Electronic text
653 ## - INDEX TERM--UNCONTROLLED
Uncontrolled term Sanskrit literature -- Translations into English
653 ## - INDEX TERM--UNCONTROLLED
Uncontrolled term Tales -- India
700 1# - ADDED ENTRY--PERSONAL NAME
Personal name Mitra, Siddha Mohana,
Dates associated with a name 1856-1925
700 1# - ADDED ENTRY--PERSONAL NAME
Personal name D'Anvers, N.,
Dates associated with a name -1933
830 #0 - SERIES ADDED ENTRY--UNIFORM TITLE
Uniform title Project Gutenberg
Volume number/sequential designation 11310
856 40 - ELECTRONIC LOCATION AND ACCESS
Uniform Resource Identifier <a href="http://www.gutenberg.org/ebooks/11310">http://www.gutenberg.org/ebooks/11310</a>
942 ## - ADDED ENTRY ELEMENTS (KOHA)
Koha item type eBooks
Holdings
Withdrawn status Lost status Damaged status Home library Current library Date acquired Total Checkouts Date last seen Price effective from Koha item type
      Project Gutenberg Project Gutenberg 08/28/2014   08/28/2014 08/28/2014 eBooks

Hindu Tales from the Sanskrit

APA

Mitra S. M., D'Anvers N., . (2004). Hindu Tales from the Sanskrit. : Project Gutenberg.

Chicago

Mitra Siddha Mohana, D'Anvers N, . 2004. Hindu Tales from the Sanskrit. : Project Gutenberg.

Harvard

Mitra S. M., D'Anvers N., . (2004). Hindu Tales from the Sanskrit. : Project Gutenberg.

MLA

Mitra Siddha Mohana, D'Anvers N, . Hindu Tales from the Sanskrit. : Project Gutenberg. 2004.

  • Place hold
  • Print
  • Cite
  • Add to your cart (remove)
  • Save record
    BIBTEX Dublin Core MARCXML MARC (non-Unicode/MARC-8) MARC (Unicode/UTF-8) MARC (Unicode/UTF-8, Standard) MODS (XML) RIS
  • More searches
    Search for this title in:
    Other Libraries (WorldCat) Other Databases (Google Scholar) Online Stores (Bookfinder.com) Open Library (openlibrary.org)

Exporting to Dublin Core...

SOUTHVILLE LIBRARY

Southville International School and Colleges Library

1281 Tropical Ave. Cor. Luxembourg St., BF Homes International, Las Pinas City

Tel. No. 8256374 / 252358 Loc. 117/146

Powered by Koha